Truppenstärke | Militärisches Symbol | Truppengattungen | % Korrekt |
---|---|---|---|
13-60 | ••• | Zug / Kette / Schwarm / Hörsaal | 90%
|
2-7 | • | Trupp | 85%
|
60-300 | │ | Kompanie / Batterie / Boot / Eskadron / Inspektion / Kolonne / Hauptabschnitte eines Schiffs / Sektor / Staffel (bei Luftwaffe und Heeresfliegern) | 80%
|
10.000 - 20.000 | XX | Division / Wehrbereichskommando | 73%
|
8-12 | •• | Gruppe / Rotte / Halbzug | 73%
|
3000 - 5000 | X | Brigade / Flottille / Landeskommando | 70%
|
50.000 - 60.000 | XXXX | Armee / Führungskommando | 61%
|
2000-3000 | │││ | Regiment / Bereich / Bundeswehrkrankenhaus / Geschwader / Institut / Schule | 58%
|
300-1200 | ││ | Bataillon / Abschnitt / Abteilung / Bootsgeschwader / Lazarett / (Lehr)Gruppe / Schiff / Zentrum | 52%
|
30.000 - 80.000 | XXX | Korps / Amt / Luftwaffenkommando | 48%
|
100.000 + | XXXXX | Heeresgruppe | 46%
|
25-180 | •••• | Staffel | 38%
|
200.000 + | XXXXXX | Oberkommando | 28%
|
Copyright H Brothers Inc., 2008–2024
Kontakt | Zum Seitenanfang | Zur mobilen Version wechseln